000 00647nam a2200229Ia 4500
003 OSt
005 20220928114900.0
006 a|||||r|||| 00| 0
007 ta
008 220927b |||||||| |||| 00| 0 eng d
024 _a58516
037 _cTextual
040 _aSDCL
_cSDCL
_beng
041 _2eng
_aeng
082 _aY9(Q), L5
100 _aJohnstone Ronald L
_9441938
245 0 _aReligion and society in interaction
_bThe sociology of religion.
260 _aNew Jersey
_bPrentice-Hall
_c1975
300 _ax,344p+Index
_ccm.
942 _hY9(Q), L5
_cTEXL
_2CC
999 _c757293
_d757293